Solo el eco de la noche / (Record no. 28586)

MARC details
000 -LEADER
campo de control de longitud fija 00541nam a2200193 i 4500
001 - NÚMERO DE CONTROL
campo de control 28586
003 - IDENTIFICADOR DE NÚMERO DE CONTROL
campo de control ES-MaACL
005 - FECHA Y HORA DE LA ÚLTIMA TRANSACCIÓN
campo de control 20230906153906.0
007 - CAMPO FIJO DE DESCRIPCIÓN FÍSICA--INFORMACIÓN GENERAL
campo de control de longitud fija t|
008 - DATOS DE LONGITUD FIJA--INFORMACIÓN GENERAL
campo de control de longitud fija 030117s1981 sp ||||1| spa d
100 1# - ENTRADA PRINCIPAL--NOMBRE DE PERSONA
Nombre de persona Azorín, Kateri.
9 (RLIN) 24333
245 10 - MENCIÓN DEL TÍTULO
Título Solo el eco de la noche /
Mención de responsabilidad, etc. Kateri Azorín.
260 ## - PUBLICACIÓN, DISTRIBUCIÓN, ETC.
Lugar de publicación, distribución, etc. Valencia :
Nombre del editor, distribuidor, etc. Fernando Torres,
Fecha de publicación, distribución, etc. [1981]
300 ## - DESCRIPCIÓN FÍSICA
Extensión 38 p. ;
Dimensiones 19 cm.
490 1# - MENCIÓN DE SERIE
Mención de serie Scorpio. Poesía ;
Designación de volumen o secuencia 4
830 0# - PUNTO DE ACCESO ADICIONAL DE SERIE-TÍTULO UNIFORME
Título uniforme Scorpio. Poesía ;
Designación de volumen o secuencia 4
9 (RLIN) 185602
852 ## - LOCALIZACIÓN
Ubicación ES-MaACL
Número de control de estantería 2122-F-11
Sublocalización o colección R.105950
Holdings
Estatus retirado Estado de pérdida Estado de daño No para préstamo Colección Biblioteca de origen Biblioteca actual Ubicación en estantería Fecha de adquisición Fuente de adquisición Total de préstamos Signatura topográfica completa Código de barras Visto por última vez Precio de reemplazo Tipo de ítem Koha
        Colección de folletos Biblioteca del Ateneo de Madrid Biblioteca del Ateneo de Madrid Depósito folletos 17/01/2008     2122-F-11 1029516 23/02/2023 23/02/2023 Folleto